Prínos bankového a poistného trhu k ekonomickému rozvoju krajiny diplomová práca

Guardado en:
Detalles Bibliográficos
Autor principal: Škanderová, Petra
Autor Corporativo: Národohospodárska fakulta EU. Katedra bankovníctva a medzinárodných financií
Otros Autores: Brokešová, Zuzana, 1985-
Formato: Libro
Lenguaje:eslovaco
Publicado: Bratislava 2015
Etiquetas: Agregar Etiqueta
Sin Etiquetas, Sea el primero en etiquetar este registro!

MARC

LEADER 00000nbm a2200000 4500
001 0209278
005 20170111102737.0
041 0 |a slo 
044 |a SK 
245 1 0 |a Prínos bankového a poistného trhu k ekonomickému rozvoju krajiny  |b diplomová práca  |c Petra Škanderová ; školiteľ: Zuzana Brokešová 
264 1 |a Bratislava  |c 2015 
300 |a 63 s. 
100 1 |a Škanderová, Petra 
700 1 |a Brokešová, Zuzana, 1985- 
710 2 |a Národohospodárska fakulta EU. Katedra bankovníctva a medzinárodných financií